The Second Generation Financial Sector Reforms (Record no. 6752)

MARC details
000 -LEADER
fixed length control field 00418nam a22001217a 4500
008 - FIXED-LENGTH DATA ELEMENTS--GENERAL INFORMATION
fixed length control field 200325b ||||| |||| 00| 0 eng d
100 ## - MAIN ENTRY--PERSONAL NAME
Personal name The United Republic of Tanzania
245 ## - TITLE STATEMENT
Title The Second Generation Financial Sector Reforms
Remainder of title Main Report
Statement of responsibility, etc. The United Republic of Tanzania
Medium English
260 ## - PUBLICATION, DISTRIBUTION, ETC. (IMPRINT)
Place of publication, distribution, etc. Tanzania
Name of publisher, distributor, etc. The Bank of Tanzania
Date of publication, distribution, etc. 2007
300 ## - PHYSICAL DESCRIPTION
Extent ix, 160p
Other physical details ill
Dimensions 24cm
650 ## - SUBJECT ADDED ENTRY--TOPICAL TERM
Source of heading or term Finance
942 ## - ADDED ENTRY ELEMENTS (KOHA)
Source of classification or shelving scheme Dewey Decimal Classification
Koha item type BOOKS
Holdings
Withdrawn status Lost status Source of classification or shelving scheme Damaged status Not for loan Home library Current library Date acquired Total Checkouts Barcode Date last seen Price effective from Koha item type
    Dewey Decimal Classification     Mwanza Mwanza 25/03/2020   10000002121 25/03/2020 25/03/2020 BOOKS
    Dewey Decimal Classification     Mwanza Mwanza 16/04/2020   1000002848 16/04/2020 16/04/2020 BOOKS
    Dewey Decimal Classification     Mwanza Mwanza 16/04/2020   1000002849 16/04/2020 16/04/2020 BOOKS

IRDP © 2021 :: Managed by ICT Team